[Event "ESP-ch U16"]
[Site "Salobrena"]
[Date "2021.07.19"]
[Round "1"]
[White "Vela Frago, Alberto"]
[Black "Higueras Ruiz, Blai"]
[Result "1-0"]
[WhiteElo "2061"]
[BlackElo "1654"]
[PlyCount "133"]
[EventDate "2021.07.19"]
[EventType "swiss"]
[EventRounds "9"]
[EventCountry "ESP"]
[SourceTitle "EXT 2022"]
[Source "ChessBase"]
[SourceDate "2021.10.06"]
[SourceVersion "1"]
[SourceVersionDate "2021.10.06"]
[SourceQuality "1"]

1. c4 Nf6 2. Nc3 g6 3. g3 Bg7 4. Bg2 0-0 5. e4 d6 6. Nge2 c5 7. d3 Nc6 8. h3 Bd7 9. 0-0 Nd4 10. Be3 Qb6 11. Rb1 Nxe2+ 12. Qxe2 Bc6 13. b4 Qc7 14. b5 Bd7 15. Qd2 Qc8 16. g4 h5 17. g5 Nh7 18. Nd5 Re8 19. Kh2 e6 20. Nc3 Qc7 21. f4 Qa5 22. Ne2 Qc7 23. Kh1 Rad8 24. Qe1 Qc8 25. Qf2 Rf8 26. Bc1 b6 27. Bb2 Bxb2 28. Rxb2 e5 29. Qg3 Be6 30. Nc3 Qd7 31. Rbf2 f5 32. gxf6 Rxf6 33. fxe5 Rxf2 34. Qxg6+ Qg7 35. Qxg7+ Kxg7 36. Rxf2 dxe5 37. Nd5 Rf8 38. Rxf8 Kxf8 39. Ne3 Kf7 40. h4 Nf6 41. Bf3 Kg6 42. Kg2 Bc8 43. a4 Be6 44. Nc2 Bc8 45. Na1 Bg4 46. Nb3 Bxf3+ 47. Kxf3 Nd7 48. a5 Kf7 49. a6 Ke7 50. Nd2 Kd6 51. Nf1 Nf6 52. Ne3 Kd7 53. Nd5 Ne8 54. Ke2 Kd6 55. Kf3 Kd7 56. d4 exd4 57. e5 Ke6 58. Ke4 Ng7 59. Nxb6 d3 60. Kxd3 Kxe5 61. Nd7+ Kd6 62. b6 Ne8 63. b7 Kxd7 64. b8Q Kc6 65. Qxe8+ Kc7 66. Qe7+ Kb6 67. Qb7+ 1-0